[Event "CHN-chT"]
[Site "Daqing"]
[Date "2019.06.21"]
[Round "3.9"]
[White "Wu, Wenda"]
[Black "Lin, Haoyang"]
[Result "1/2-1/2"]
[WhiteElo "1735"]
[BlackElo "1713"]
[PlyCount "70"]
[EventDate "2019.06.19"]
[EventType "team-swiss"]
[EventRounds "9"]
[EventCountry "CHN"]
[SourceTitle "CBM 191 Extra"]
[Source "ChessBase"]
[SourceDate "2019.09.30"]
[SourceVersion "1"]
[SourceVersionDate "2019.09.30"]
[SourceQuality "1"]
[WhiteTeam "Ningbo"]
[BlackTeam "Qingdao"]
[WhiteTeamCountry "CHN"]
[BlackTeamCountry "CHN"]

1. d4 d6 2. e4 e5 3. dxe5 dxe5 4. Qxd8+ Kxd8 5. Bc4 f6 6. Be3 Nd7 7. Nc3 Bc5 8. Bxc5 Nxc5 9. 0-0-0+ Nd7 10. Nf3 c6 11. Rd3 Kc7 12. Rhd1 Nb6 13. Bb3 Ne7 14. a4 a5 15. Nd2 Nd7 16. Rg3 g6 17. h4 Nc5 18. h5 Be6 19. Bxe6 Nxe6 20. hxg6 hxg6 21. Ne2 Rad8 22. Nb3 Rxd1+ 23. Kxd1 b6 24. Kd2 Rh4 25. f3 f5 26. Kd3 f4 27. Rh3 g5 28. Ng1 Ng6 29. Ke2 Kd6 30. Nd2 Nd4+ 31. Kd3 b5 32. axb5 cxb5 33. c3 Ne6 34. Nb3 Nc5+ 35. Nxc5 Kxc5 1/2-1/2